Geography Quiz

Random Geography or City Quiz

Ohio Cities Quiz Stats

 Plays Quiz Updated Apr 9, 2018

Also try: Illinois Cities
Challenge
Share
Tweet
Embed
Score 0/20 Timer 06:00
5 Plays Today
Rank City % Correct
2Cleveland
97.5%
1Columbus
96.3%
3Cincinnati
95.8%
5Akron
77.6%
4Toledo
76.5%
6Dayton
71.3%
9Youngstown
51.5%
8Canton
48.9%
12Springfield
27.9%
7Parma
20.8%
Rank City % Correct
11Hamilton
18.3%
10Lorain
16.1%
14Elyria
15.7%
20Mentor
15.4%
19Euclid
14.1%
15Lakewood
13.1%
17Newark
12.9%
18Middletown
12.8%
16Cuyahoga Falls
12.5%
13Kettering
11.1%

You're not logged in!

Compare scores with friends on all Sporcle quizzes.
OR
Log In

You Might Also Like...

Show Comments

Extras

Top Quizzes Today


Score Distribution

Your Account Isn't Verified!

In order to create a playlist on Sporcle, you need to verify the email address you used during registration. Go to your Sporcle Settings to finish the process.

Report this User

Report this user for behavior that violates our Community Guidelines.

Details: